Quick Pick: Double Letter World Capitals II Quiz Stats

 Plays Quiz not verified by Sporcle

Challenge
Share
Tweet
Embed
Score 0/11 Timer 00:30
0 Plays Today
% Correct
Brussels
92.8%
Andorra la Vella
90.6%
Wellington
90.3%
Vienna
90.1%
Ulaanbaatar
84.6%
Amman
84%
Sana'a
75.2%
Freetown
74.9%
Accra
72.7%
Basseterre
72.5%
Nouakchott
67.7%

You're not logged in!

Compare scores with friends on all Sporcle quizzes.
Join for Free
OR
Log In

You Might Also Like...

Show Comments

Extras

Top Quizzes Today


Score Distribution

Your Account Isn't Verified!

In order to create a playlist on Sporcle, you need to verify the email address you used during registration. Go to your Sporcle Settings to finish the process.

Report this User

Report this user for behavior that violates our Community Guidelines.

Details: